| 000 | 00492nam a2200193Ia 4500 | ||
|---|---|---|---|
| 008 | 170918s9999 xx 000 0 und d | ||
| 020 | _a9780439746496 | ||
| 050 | _bN971 2003 | ||
| 100 | _aNumeroff, Laura | ||
| 245 | _aSherman crunchley / | ||
| 245 | _cLaura Numeroff and Nate Evans ; illustrated by Tim Bowers. | ||
| 260 | _aNew York : | ||
| 260 | _bScholastic, | ||
| 260 | _c2003 | ||
| 300 | _aunpaged : | ||
| 300 | _bcolored illustration ; | ||
| 300 | _c26cm. | ||
| 500 | _a600 | ||
| 999 |
_c341776 _d341776 |
||